000 01090nam a2200229Ia 4500
001 11492
003 GE_BSU
008 181216s||||||||xx |||||||||||||| ||und||
040 _cGE_BSU
080 _a633.5/9(213)(075.8)
100 _aდოღონაძე,რ; კომახიძე,ვ; ბერაია,ი.
245 _aსუბტროპიკული ტექნიკური კულტურები
245 _bსახელმძღვ.სუბტროპიკული მეურნეობის ინ-ტის სტუდენტებისათვის.
245 _cრედ:თ.კობერიძე.
260 _aთბილისი
260 _bცოდნა
260 _c1964
300 _a337გვ;24სმ.
300 _bილ.
653 _aსუბტროპიკული ტექნიკური კულტურები.სახელმძღვ.სუბტროპიკული მეურნეობის ინ-ტის სტუდენტებისათვის.
942 _cBK
999 _c44688
_d44688